000 00867nam a2200241 i 4500
001 bg
100 1 _aKĘSIK, Adam
245 1 0 _aRachunkowość finansowa :
_bzbiór zadań z rozwiązaniami /
_cAdam Kęsik.
260 _aWarszawa :
_bStowarzyszenie Księgowych w Polsce. Zarząd Główny. Centralny Ośrodek Szkolenia Zawodowego,
_c[2004].
300 _a217, [1] s. :
_btab. ;
_c24 cm.
650 9 _aPrzedsiębiorstwo
_xfinanse
650 9 _aRachunkowość
655 _aĆwiczenia i zadania
015 _aPB 23320/2004
020 _a8372281521
040 _cBPK
041 0 _apol
080 _a657:658.14/.17](076)
920 _a83-7228-152-1
942 _cKS
008 s pl f |000 0 pol
999 _c46237
_d46237
856 _uhttp://koha.tu.koszalin.pl/cgi-bin/koha/opac-detail.pl?biblionumber=46237
_yKatalog online BPK